Los 10 principales países con asesinos en serie - Estadísticas

Estadísticas generales
  • Esta prueba ha sido intentada 260 veces
  • La puntuación promedio es 8 de 10
Estadísticas de respuestas
Países % Correcto
2,743 Estados Unidos
100%
70 Rusia
93%
145 Reino Unido
87%
75 Alemania
84%
91 Japon
79%
101 Canada
78%
94 Italia
72%
65 India
69%
75 Australia
66%
112 Sudáfrica
38%
No se encontraron pruebas coincidentes
Distribución de puntuación
Porcentaje de gente con cada puntuación
Porcentaje por número respondido
Historial de tus puntuaciones
No has intentado esta prueba.